000 00356nam a2200145 a 4500
005 20140412111317.0
008 010320s19uu xx 00 eng d
020 _a983-9556-65-7
050 _aER
_bNu93 1993
245 _aNursery rhymes.
260 _aKuala, Lumpur :
_bMECRON,
_c[s.n.]
300 _a[16] p. ; ill.
650 _aRhymes
999 _c104256
_d104256